Normal view
MARC view
Entry Personal Name
001 - CONTROL NUMBER
- control field: 1236252
003 - CONTROL NUMBER IDENTIFIER
- control field: OSt
005 - DATE AND TIME OF LATEST TRANSACTION
- control field: 20260430150030.0
008 - FIXED-LENGTH DATA ELEMENTS
- fixed length control field: 260430|| aca||aabn | a|a d
040 ## - CATALOGING SOURCE
- Original cataloging agency: OSt
- Transcribing agency: OSt
100 ## - HEADING--PERSONAL NAME
- Personal name: Chaubey Ankita Au.; Dubey Ashok K. Gu
670 ## - SOURCE DATA FOUND
- Source citation: Work cat.: (OSt)1848779: Chaubey Ankita Au.; Dubey Ashok K. Gu., Phytoconstituents of fruit shell of aegle marmelos and their therapeutic potential, 2022
